000 00928nac a22002777a 4500
001 BR8304130
003 BR-BrBNA
005 20240105115813.0
008 230509b bl.|||m| |||| 00| 0 por d
040 _aBR-BrBNA
_bpor
_cBiblioteca Nacional de Agricultura
072 _aD10; E30
090 _aD10 BR8304130
110 1 _aSecretaria da Agricultura do Estado de Mato Grosso, Cuiaba (Brasil)
_98213
245 1 _aRelatorio Anual 1982 [Secretaria da Agricultura de Mato Grosso, Brasil]
260 3 _aCuiaba, MT (Brasil):
_c1983.
300 _a31 p.
490 _aRelatorio - Secretaria da Agricultura do Estado de Mato Grosso (Brazil)
_v
_x
500 _a16 tables; 7 ref.
650 _aDESENVOLVIMENTO AGRICOLA
650 _aPLANEJAMENTO AGRICOLA
650 _aADMINISTRACAO
650 _aINSTITUICAO AGRICOLA
650 _aMATO GROSSO
909 _a202312
_bLúcia Elande
_c55
_dLúcia Elande
942 _2AGRIS
_n0
_cMS
999 _c276469
_d276469